Statistics for Dark Souls 3 Spells

Click here to take the quiz!

General Stats

  • This quiz has been taken 52 times
  • The average score is 33 of 106

Answer Stats

Spell CategoryAnswer% Correct
PyromanciesFireball
93%
MiraclesHeal
80%
SorceriesFarron Dart
73%
MiraclesLightning Spear
73%
MiraclesGreat Heal
67%
SorceriesMagic Weapon
67%
SorceriesSoul Arrow
67%
MiraclesSunlight Spear
67%
SorceriesGreat Soul Arrow
60%
SorceriesSoul Spear
60%
PyromanciesFire Orb
53%
SorceriesGreat Heavy Soul Arrow
53%
MiraclesGreat Lightning Spear
53%
SorceriesHeavy Soul Arrow
53%
SorceriesMagic Shield
53%
SorceriesGreat Magic Shield
47%
SorceriesGreat Magic Weapon
47%
SorceriesHoming Crystal Soulmass
47%
PyromanciesPower Within
47%
MiraclesSoothing Sunlight
47%
PyromanciesBlack Flame
40%
PyromanciesChaos Bed Vestiges
40%
SorceriesCrystal Soul Spear
40%
MiraclesDarkmoon Blade
40%
MiraclesForce
40%
SorceriesHoming Soulmass
40%
MiraclesLightning Stake
40%
SorceriesPestilent Mist
40%
PyromanciesPoison Mist
40%
SorceriesSoul Stream
40%
PyromanciesBoulder Heave
33%
MiraclesBountiful Sunlight
33%
PyromanciesCarthus Flame Arc
33%
PyromanciesChaos Storm
33%
SorceriesCrystal Magic Weapon
33%
MiraclesEmit Force
33%
SorceriesFarron Flashsword
33%
PyromanciesFirestorm
33%
PyromanciesFire Whip
33%
MiraclesGnaw
33%
SorceriesGreat Farron Dart
33%
MiraclesHeal Aid
33%
SorceriesHidden Weapon
33%
PyromanciesIron Flesh
33%
MiraclesLightning Blade
33%
PyromanciesRapport
33%
PyromanciesSacred Flame
33%
MiraclesTears of Denial
33%
PyromanciesToxic Mist
33%
PyromanciesAcid Surge
27%
PyromanciesBlack Fire Orb
27%
PyromanciesBlack Serpent
27%
PyromanciesBursting Fireball
27%
SorceriesCrystal Hail
27%
MiraclesDeep Protection
27%
MiraclesDorhys' Gnawing
27%
SorceriesFarron Hail
27%
PyromanciesFire Surge
27%
PyromanciesFlame Fan
27%
PyromanciesFlash Sweat
27%
PyromanciesGreat Chaos Fire Orb
27%
PyromanciesGreat Combustion
27%
SorceriesGreat Soul Dregs
27%
SorceriesHidden Body
27%
MiraclesLifehunt Scythe
27%
MiraclesMed Heal
27%
MiraclesSacred Oath
27%
SorceriesSoul Greatsword
27%
SorceriesSpook
27%
PyromanciesCarthus Beacon
20%
SorceriesCast Light
20%
SorceriesChameleon
20%
PyromanciesFloating Chaos
20%
SorceriesFrozen Weapon
20%
PyromanciesProfaned Flame
20%
PyromanciesProfuse Sweat
20%
SorceriesTwisted Wall of Light
20%
SorceriesWhite Dragon Breath
20%
MiraclesWrath of the Gods
20%
SorceriesAffinity
13%
SorceriesAural Decoy
13%
MiraclesBlessed Weapon
13%
MiraclesCaressing Tears
13%
SorceriesDark Edge
13%
MiraclesDivine Pillars of Light
13%
MiraclesGreat Magic Barrier
13%
MiraclesHomeward
13%
MiraclesLightning Arrow
13%
MiraclesLightning Storm
13%
MiraclesMagic Barrier
13%
SorceriesOld Moonlight
13%
MiraclesReplenishment
13%
PyromanciesSeething Chaos
13%
MiraclesVow of Silence
13%
PyromanciesWarmth
13%
MiraclesWay of White Corona
13%
MiraclesAtonement
7%
MiraclesBountiful Light
7%
MiraclesDark Blade
7%
MiraclesDead Again
7%
SorceriesDeep Soul
7%
SorceriesGreat Deep Soul
7%
MiraclesProjected Heal
7%
SorceriesRepair
7%
MiraclesSeek Guidance
7%
SorceriesSnap Freeze
7%

Score Distribution

Percentile by Number Answered

Percent of People with Each Score

Your Score History

You have not taken this quiz